000 00456nam a2200133 a 4500
008 120416s1980 ||||||||||||||||| || u
050 _aHM 263 Llo
100 _aLloyd, Herbert
245 1 0 _aPublic relations
260 _a[London]
_bHodden and Stonghton
_c1980
300 _avi, 217p.
350 _a0.00
995 _D0.00
_FCBU-MAIN LIBRARY (Kitwe)
_H1
_I0.00
_UAVAILABLE
_ZAnnex Low-Usage Collection
999 _c55319
_d55319